Jacksonville Jaguars Trivia - Statistics

General Stats
  • This quiz has been taken 617 times
    176 since last reset
  • The average score is 6 of 10
Answer Stats
Hint Answer % Correct
#1 overall pick in the 2021 draft Trevor Lawrence
96%
Non-U.S. city where the Jaguars play one game every season London
91%
Jaguars' starting QB from 2014–2018 Blake Bortles
82%
Former player known by initials MJD Maurice Jones-Drew
73%
Former coach who was fired for kicking Josh Lambo and posting a dismal 2-11 record Urban Meyer
70%
Kicker who kicked the longest field goal in NFL history in 2025 (68 yards) Cam Little
68%
All-time leading passer (1995–2003) Mark Brunell
53%
All-time leading receiver (1995–2005) Jimmy Smith
40%
TV show which featured a character named Jason Mendoza who was a huge Jaguars fan The Good Place
29%
Linebacker who had a 99 yard pick six against Patrick Mahomes in 2025 Devin Lloyd
27%
No matching quizzes found
Score Distribution
Percent of People with Each Score
Percentile by Number Answered
Your Score History
You have not taken this quiz since the last reset